Statistics for Bottom 25 Countries by GDP per capita

Click here to take the quiz!

General Stats

  • This quiz has been taken 34 times
  • The average score is 17 of 25

Answer Stats

GDP per capitaCountry% Correct
$700Central African Republic
87%
$1,100Niger
87%
$1,700South Sudan
87%
$1,100Malawi
81%
$400Somalia
81%
$800Burundi
77%
$1,300Guinea
77%
$1,500Madagascar
77%
$1,900Ethiopia
74%
$1,000Liberia
74%
$1,200Mozambique
74%
$1,700Sierra Leone
74%
$2,000Zimbabwe
74%
$1,700Guinea-Bissau
68%
$1,800Haiti
68%
$1,700The Gambia
68%
$1,600Togo
68%
$1,400Eritrea
65%
$1,800Burkina Faso
61%
$1,900Afghanistan
55%
$1,500Comoros
55%
$800Democratic Republic of the Congo
45%
$1,700North Korea
32%
$1,800Kiribati
26%
$2,000Solomon Islands
26%

Score Distribution

Percentile by Number Answered

Percent of People with Each Score

Your Score History

You have not taken this quiz